| Tag |
First Indicator |
Second Indicator |
Subfields |
| LEADER |
00000cam a22000001a 4500 |
| 001 |
in00003206613 |
| 005 |
20190404173608.0 |
| 006 |
m d f |
| 007 |
cr bn mmmapmmp |
| 008 |
090623s1970 dcu o f000 0 eng d |
| 035 |
|
|
|a cis2007435008
|
| 040 |
|
|
|a UMI
|c UMI
|d UtOrBLW
|
| 043 |
|
|
|a n-us---
|
| 086 |
0 |
|
|a Y 4.L 11/2:M 58/8/pt.8-A
|
| 099 |
|
|
|a HRG-1970-LPW-0075
|
| 110 |
1 |
|
|a United States.
|b Congress.
|b Senate.
|b Committee on Labor and Public Welfare.
|b Subcommittee on Migratory Labor.
|
| 245 |
1 |
0 |
|a Migrant and Seasonal Farmworker Powerlessness.
|n Part 8-A,
|p Who is Responsible? :
|b hearings before the United States Senate Committee on Labor and Public Welfare, Subcommittee on Migratory Labor, Ninety-First Congress, first session and Ninety-First Congress, second session, on July 20, 1970.
|
| 264 |
|
1 |
|a Washington :
|b U.S. G.P.O.,
|c 1970.
|
| 300 |
|
|
|a 1 online resource.
|
| 336 |
|
|
|a text
|b txt
|2 rdacontent
|
| 337 |
|
|
|a computer
|b c
|2 rdamedia
|
| 338 |
|
|
|a online resource
|b cr
|2 rdacarrier
|
| 500 |
|
|
|a Record is based on bibliographic data in ProQuest Congressional Hearings Digital Collection. Reuse except for individual research requires license from ProQuest, LLC.
|
| 520 |
|
|
|a Continuation of hearings on problems confronting migrant and seasonal farm workers. Focuses on health and sanitation problems.
|
| 538 |
|
|
|a System requirements: PDF reader software.
|
| 500 |
|
|
|a Electronic resource.
|
| 650 |
|
0 |
|a Migrant agricultural laborers
|x Health and hygiene
|z United States.
|
| 655 |
|
7 |
|a Electronic books.
|2 local
|
| 710 |
2 |
|
|a ProQuest (Firm)
|
| 776 |
0 |
8 |
|i Print version:
|a United States. Congress. Senate. Committee on Labor and Public Welfare. Subcommittee on Migratory Labor.
|t Migrant and Seasonal Farmworker Powerlessness
|
| 776 |
0 |
8 |
|i Microfiche version:
|a United States. Congress. Senate. Committee on Labor and Public Welfare. Subcommittee on Migratory Labor.
|t Migrant and Seasonal Farmworker Powerlessness.
|d [Bethesda, Md.] : ProQuest,[2004]
|o CIS Hrgs MF Gp 3--(91) S2151-1-A
|w (ProQuest)cis10804605
|
| 830 |
|
0 |
|a U.S. Congressional Hearings.
|
| 856 |
4 |
0 |
|u http://proxy.library.tamu.edu/login?url=http://congressional.proquest.com/congcomp/getdoc?HEARING-ID=HRG-1970-LPW-0075
|z Connect to the full text of this electronic book
|t 0
|
| 998 |
|
|
|a cis10804605
|
| 999 |
|
|
|a MARS
|
| 999 |
f |
f |
|s 571b1211-d7a4-3250-8947-2be414f6da05
|i fd468873-7290-3e3f-ac92-93313f59dcb1
|t 0
|
| 952 |
f |
f |
|a Texas A&M University
|b College Station
|c Electronic Resources
|d Available Online
|t 0
|e HRG-1970-LPW-0075
|h Other scheme
|
| 998 |
f |
f |
|a HRG-1970-LPW-0075
|t 0
|l Available Online
|